Βαλκάνια : οι βαλκανικοί και οι ελληνοτουρκικοί πόλεμοι
Αποθηκεύτηκε σε:
| Άλλοι συγγραφείς: | |
|---|---|
| Μορφή: | Βιβλίο |
| Γλώσσα: | Greek |
| Δημοσίευση: |
Αθήνα :
Μέδουσα/Σέλας,
1999
|
| Θέματα: | |
| Ετικέτες: |
Προσθήκη ετικέτας
Δεν υπάρχουν, Καταχωρήστε ετικέτα πρώτοι!
|
MARC
| LEADER | 00000cam a2200000 i 4500 | ||
|---|---|---|---|
| 001 | 1/60279 | ||
| 008 | 020408s1999 gre d | ||
| 020 | |a 960-7014-61-8 | ||
| 035 | |l 10000647 | ||
| 040 | |a GR-MY-UA |b gre |e aacr | ||
| 041 | 0 | |a gre | |
| 082 | 0 | |a 949.6 | |
| 245 | 1 | 0 | |a Βαλκάνια : |b οι βαλκανικοί και οι ελληνοτουρκικοί πόλεμοι / |c Θεόδωρου Βελλιανίτη ... [κ.ά.] |
| 260 | |a Αθήνα : |b Μέδουσα/Σέλας, |c 1999 | ||
| 300 | |a 228 σ. | ||
| 650 | 0 | 0 | |a Eastern question (Balkan) |
| 651 | 0 | |a Balkan Peninsula |x History |y War of 1912-1913. | |
| 700 | 1 | |a Βελλιανίτης, Θεόδωρος. | |
| 852 | |a INST |b RHODES |e 20020408 |h 949.6 ΒΑΛ |p 005400016551 |q 005400016551 |t BK |y 0 | ||
| 901 | |a BIBL4-2002-1 | ||
| 909 | |a Ρ |b 101044 | ||
| 970 | |a ΚΟΥΛΑΚΙΟΤΗ |b ΛΙΤΣΑ |z 2002/04/08 | ||